Statistiques concernant Culture Générale - Série 163

Cliquez ici pour prendre le quiz!

Statistiques générales

  • Ce quiz a été pris 228 fois
  • Le résultat moyen est 4 sur 10

Statistiques - réponses

QuestionRéponse% Correct
Quel sport vaut à Christophe Dominici plus de 50 sélections en équipe de France ?Rugby
86%
Quelle est la durée du mandat d'un député européen ?5 ans
77%
Traditionnellement, quel alcool parfume le cannelé bordelais ?Rhum
69%
Dans la série "Hélène et les garçons", comment était surnommé Christian ?Cricri d’amour
48%
Quelle est la nationalité du prix Nobel de la paix 1984, Desmond Tutu ?Sud-africaine
35%
Quels oiseaux Charles Aznavour possède-t-il dans sa chanson "Comme ils disent" ?Des canaris
33%
A quel groupe doit-on le tube "Good Vibrations" en 1966 ?Beach Boys
32%
Qui incarna "Lawrence d'Arabie" en 1963 au cinéma ?Peter O'Toole
30%
En 1993, à quel chanteur doit-on la reprise de "Mon manège à moi" ?Etienne Daho
27%
En 2005, qui incarne Robert d'Artois dans "Les Rois maudits" ?Philippe Torreton
7%

Distribution des résultats

Percentile par nombre de réponses

% des personnes avec chaque résultat

Votre développement - résultats

Vous n’avez pas pris ce quiz